000 00732nam a22002297a 4500
999 _c16079
_d16079
003 AR-CdUCM
008 190502b ||||| |||| 00| 0 spa d
040 _aMUNICIPALIDAD PROVINCIAL DEL CUSCO
_cBIBLIOTECA MUNICIPAL DEL CUSCO
082 _a335.4 /
_bC70
100 _aBabeuf, Graco
_935356
245 _aEl socialismo anterior a Marx /
260 _aMéxico :
_bGrijalbo,
_c1969.
300 _a158 páginas ;
_c19 cm.
440 _aColección 70
_n51
_935357
505 _aContenido : Graco Babeuf -- Henry de Saint-Simon -- Augusto Blanqui ...
650 _aSocialismo
_91037
650 _aMarx
_94291
650 _aSiglo XX
_98
700 _aGaya Nicolau, Guillermo
_92894
942 _2ddc
_cLIBROS
945 _arah
_d02/05/2019